000 00848nam a22003017a 4500
001 BR7303851
003 BR-BrBNA
005 20230928084007.0
007 ta
008 230509b bl.||||| |||| 00| 0 por d
040 _aBR-BrBNA
_bpor
_cBiblioteca Nacional de Agricultura
041 _a(Por)
072 _aQ10
_b2110
090 _ 2110 BR7303851
100 1 _aMaravalhas, N.
110 1 _aIICA, Turrialba (Costa Rica);
110 1 _aCentro de Pesquisas do Cacau, Ilheus, BA (Brasil)
_91631
245 1 _aBeneficiamento do cacau [fermentacao]
_b3. Curso Internacional de Cacau
260 3 _aIlheus, BA (Brasil):
_bCEPEC,
_c1974.
300 _a8 p.
500 _a6 ref.
650 _aTECNOLOGIA DE ALIMENTO
650 _aCACAU
650 _aFERMENTACAO
650 _aSECAGEM
909 _a202309
_bLucia
_c55
_dLucia Elande
942 _cBK
999 _c16198
_d16198